Most Streamed Songs Each Year - Statistics

General Stats
  • This quiz has been taken 20 times
  • The average score is 28 of 70
Answer Stats
Hint Answer % Correct
Lady Gaga & Bruno Mars Die with a Smile
82%
The Weekend Blinding Lights
71%
Sabrina Carpenter Espresso
71%
Miley Cyrus Flowers
71%
Glass Animals Heat Waves
71%
Rosé & Bruno Mars Apt.
65%
Billie Eilish Birds of a Feather
65%
Billie Eilish Birds of a Feather
65%
Alex Warren Ordinary
65%
Harry Styles As It Was
59%
Harry Styles As It Was
59%
Billie Eilish Bad Guy
59%
Drake God's Plan
59%
Pharrell Williams Happy
59%
Lil Nas X & Billy Ray Cyrus Old Town Road - Remix
59%
Shawn Mendes & Camila Cabello Señorita
59%
Roddy Ricch The Box
59%
Tones and I Dance Monkey
53%
Drake One Dance (feat. Wizkid & Kyla)
53%
Post Malone & Swae Lee Sunflower
53%
John Legend All Of Me
47%
Carly Rae Jepsen Call Me Maybe
47%
Luis Fonsi & Daddy Yankee Despacito
47%
Luis Fonsi, Daddy Yankee & Justin Bieber Despacito (Remix)
47%
Olivia Rodrigo Drivers License
47%
Bad Bunny DtMF
47%
Ed Sheeran Shape of You
47%
The Kid Laroi Stay (with Justin Bieber)
47%
The Kid Laroi Stay (with Justin Bieber)
47%
Benson Boone Beautiful Things
41%
SZA Kill Bill
41%
XXXTentacion Sad!
41%
Wiz Khalifa See You Again (feat. Charlie Puth)
41%
Macklemore & Ryan Lewis Thrift Shop (feat. Wanz)
41%
Mark Ronson Uptown Funk (feat. Bruno Mars)
41%
Ariana Grande 7 Rings
35%
Daft Punk Get Lucky (feat. Pharrell Williams & Nile Rodgers)
35%
Teddy Swims Lose Control
35%
Post Malone Rockstar (feat. 21 Savage)
35%
Bad Bunny Tití Me Preguntó
35%
Macklemore & Ryan Lewis Can't Hold Us (feat. Ray Dalton)
29%
Mike Posner I Took A Pill in Ibiza - Seeb Remix
29%
Dua Lipa Levitating (feat. DaBabay)
29%
Ellie Goulding Love Me Like You Do
29%
Lil Nas X Montero (Call Me By Your Name)
29%
Imagine Dragons Radioactive
29%
Gotye Somebody That I Used To Know (feat. Kimbra)
29%
Avicii Wake Me Up
29%
Sia Cheap Thrills
24%
Omi Cheerleader - Felix Jaehn Remix Radio Edit
24%
FloyyMenor & Cris MJ Gata Only
24%
Olivia Rodrigo Good 4 U
24%
DJ Khaled I'm the One (feat. Justin Bieber, Chance the Rapper, Quavo & Lil Wayne)
24%
Major Lazer Lean On (feat. MØ & DJ Snake)
24%
Jung Kook Seven
24%
The Chainsmokers Something Just Like This (with Coldplay)
24%
Flo Rida Whistle
24%
Flo Rida Wild Ones (feat. Sia)
24%
Rihanna Work (feat. Drake)
24%
Katy Perry Dark Horse (feat. Juicy J)
18%
The Chainsmokers Don't Let Me Down (feat. Daya)
18%
Dua Lipa Don't Start Now
18%
Drake In My Feelings
18%
Post Malone Psycho (feat. Ty Dolla $ign)
18%
Imanbek & Saint Jhn Roses - Imanbek Remix
18%
Calvin Harris Summer
18%
Fun. We Are Young (feat. Janelle Monáe)
18%
Eslabon Armado & Peso Pluma Ella Baila Sola
12%
Bad Bunny feat. Chencho Corleone Me Porto Bonito
12%
Clean Bandit Rather Be (feat. Jess Glynne)
12%
No matching quizzes found
Score Distribution
Percent of People with Each Score
Percentile by Number Answered
Your Score History
You have not taken this quiz